000 01226nam a2200325 i 4500
001 bg
100 1 _aBERNACKA, Jadwiga
245 1 0 _aZmiany składu osadów z komunalnych oczyszczalni ścieków w latach 1998-2002 /
_cJadwiga Bernacka, Leoniłła Pawłowska, Andrzej Krobski ; Ministerstwo Środowiska, Instytut Ochrony Środowiska.
260 _aWarszawa :
_bDział Wydawnictw IOŚ,
_c2002.
300 _a54 s. :
_bil. ;
_c24 cm.
500 _aStreszcz. ang.
504 _aBibliogr.
650 9 _aOczyszczalnia ścieków
_zPolska
650 9 _aOsady ściekowe
_xchemia
650 9 _aOsady ściekowe
_xgospodarka
_zPolska
650 9 _aSubstancje niebezpieczne i szkodliwe
_xwpływ na środowisko
_zPolska
700 1 _aKROBSKI, Andrzej
700 1 _aPAWŁOWSKA, Leoniłła
710 0 _aInstytut Ochrony Środowiska (Warszawa)
710 0 _aMinisterstwo Środowiska
015 _aPB 20205/2002
020 _a8385805796
040 _cBPK
041 0 _apol
_beng
080 _a628.3(438)
920 _a83-85805-79-6
942 _cKS
008 s pl f |000 0 pol
999 _c51647
_d51647
856 _uhttp://koha.tu.koszalin.pl/cgi-bin/koha/opac-detail.pl?biblionumber=51647
_yKatalog online BPK